| 000 | 00411nam a2200157Ia 4500 | ||
|---|---|---|---|
| 008 | 230314s9999 xx 000 0 und d | ||
| 020 | _a978-81-312-5707-4 | ||
| 041 | _aeng | ||
| 082 | _aAD/610.6/CLE/B09537 | ||
| 100 |
_aClement I _9119826 |
||
| 245 | _aManagement of Nursing Services and Education | ||
| 260 |
_bElsevier _aNew Delhi _c2020 |
||
| 300 | _a720p | ||
| 906 | _bBSC | ||
| 999 |
_c142399 _d142399 |
||